[Event "Berlin Lichtenberger op 9th"]
[Site "Berlin"]
[Date "2010.08.11"]
[Round "6"]
[White "Bethe, Stephan"]
[Black "Neumaier, Hubert"]
[Result "1-0"]
[WhiteElo "2162"]
[BlackElo "1858"]
[PlyCount "107"]
[EventDate "2010.08.07"]
[EventType "swiss"]
[EventRounds "9"]
[EventCountry "GER"]
[SourceTitle "CBM 137 Extra"]
[Source "ChessBase"]
[SourceDate "2010.09.01"]
[SourceVersion "1"]
[SourceVersionDate "2010.09.01"]
[SourceQuality "1"]

1. e4 c5 2. Nf3 e6 3. d4 cxd4 4. Nxd4 Nc6 5. Nb5 d6 6. c4 Nf6 7. N1c3 a6 8. Na3 b6 9. Be2 Bb7 10. 0-0 Be7 11. Nc2 0-0 12. b3 Rc8 13. Ne3 Na5 14. Qd3 b5 15. cxb5 axb5 16. e5 b4 17. Nb5 Be4 18. exf6 Bxd3 19. fxe7 Qxe7 20. Bxd3 Nb7 21. a4 Nc5 22. Bc2 d5 23. Bb2 Rfd8 24. Rfe1 Qf8 25. Rad1 f6 26. f4 Qf7 27. Kh1 Rd7 28. Bd4 Nb7 29. Rc1 Re8 30. Ng4 h5 31. Ne3 e5 32. fxe5 fxe5 33. Rf1 Qe7 34. Nf5 Qd8 35. Bf2 d4 36. Bd3 g6 37. Bc4+ Kh7 38. Bh4 Qb6 39. Ng3 e4 40. Rf6 Nd6 41. Be6 Rde7 42. Nxd6 Rxe6 43. Nxe8 d3 44. Rxe6 Qxe6 45. Nf6+ Kh6 46. Ngxe4 g5 47. Bxg5+ Kg6 48. Rb1 Qc6 49. h4 Qc2 50. Nd2 Qc8 51. Rf1 Qe6 52. Nfe4 Qg4 53. a5 Qc8 54. a6 1-0